| 000 | 00602nam a2200193Ia 4500 | ||
|---|---|---|---|
| 008 | 131103s9999 xx 000 0 und d | ||
| 020 |
_a81-7328-036-3 _cRs.160.00 |
||
| 040 | _aLoreto College | ||
| 041 | _aEnglish | ||
| 082 |
_a001.42/KOT _bLCLIB/42427 |
||
| 100 | _aKothari,C.R. | ||
| 245 |
_aResearch methodology _b Methods and techniques _cC.R. Kothari |
||
| 250 | _a2nd ed. | ||
| 260 |
_aNew Delhi _bWishwa Prakashan _c1990(rep.2001) |
||
| 300 | _axii,468p. | ||
| 504 | _aIncludes bibliographical references, author index and subject index. | ||
| 650 | _aResearch methodology | ||
| 942 | _cBK | ||
| 999 |
_c2138 _d52617 |
||